000 00545nam a2200145 a 4500
008 140929s2013 ||||||||||||||||| || u
050 _aDDP(058)
110 _aDefensor del Pueblo
245 1 1 _a The Ombudsman, annual report summary 2012
_cby Defensor Del Pueblo
260 _aMadrid:
_bDefensor del Pueblo
_c2013
300 _a90p.: ill.
500 _aBibliography
650 0 _aECONOMIC DEVELOPMENT
995 _FCBU-MAIN LIBRARY (Kitwe)
_M1
_UAVAILABLE
_WSep 29, 2014
_ZInternational Publications
999 _c59714
_d59714